| 000 | 02664nam a22004337a 4500 | ||
|---|---|---|---|
| 001 | 15318504 | ||
| 003 | OSt | ||
| 005 | 20210421070032.0 | ||
| 008 | 080604s2009 paua b 001 0 eng | ||
| 010 | _a 2008024783 | ||
| 020 | _a9780781754590 (pbk.) | ||
| 020 | _a0781754593 (pbk.) | ||
| 035 | _a(DNLM)101475673 | ||
| 040 |
_aDNLM/DLC _cDLC _deng _beng |
||
| 041 | _aeng | ||
| 042 | _apcc | ||
| 050 | 0 | 0 |
_aRT68 _b.P65 2009 |
| 080 |
_a616-08 _bP-75 |
||
| 082 | 0 | 0 |
_a610.73072 _222 |
| 100 | 1 |
_aPlichta, Stacey Beth, _d1965- |
|
| 245 | 1 | 0 |
_aStatistics for nursing and allied health / _cStacey B. Plichta, Laurel S. Garzon. _b/ by: Wolters Kluwer/Lippincott Williams & Wilkins Health, |
| 260 |
_aPhiladelphia : _bWolters Kluwer/Lippincott Williams & Wilkins Health, _cc2009. |
||
| 300 |
_axii, 420 p. : _bill. ; _c23 cm. |
||
| 504 | _aIncludes bibliographical references and index. | ||
| 505 | 0 | _aUsing research and statistics in health care -- Descriptive statistics : getting to know the data -- Building blocks for using inferential statistics -- Inferential statistics : finding relationships in the data -- The independent T-test and the Mann-Whitney U-test: comparing the means of two unrelated groups -- The paired T-test and the Wilcoxon matched-pairs test: comparing the means of two related groups -- The one-way Anova and the Kruskal-Wallis H-test: comparing the means of three or more unrelated groups -- The repeated-measures Anova and the Friedman's Anova by rank : comparing the means of three or more related groups -- The Pearson and the Spearman correlation coefficients : measuring the association of two variables -- The chi-square statistic and the McNemar test : examining relationships between categorical variables -- Model building with linear and logistic regression -- Writing for publication. | |
| 650 | 0 |
_aNursing _xResearch _xStatistical methods. |
|
| 650 | 0 |
_aPatient Care _9285 |
|
| 650 | 0 | _aMedical statistics. | |
| 650 | 1 | 2 |
_aStatistics as Topic _xmethods. |
| 650 | 2 | 2 | _aNursing Research. |
| 653 | _aპაციენტის მოვლა | ||
| 653 | _aპაციენტის მოვლის სტატისტიკა | ||
| 700 | 1 | _aGarzon, Laurel S. | |
| 856 | 4 | 2 |
_3Publisher description _uhttp://www.loc.gov/catdir/enhancements/fy0835/2008024783-d.html |
| 856 | 4 | 1 |
_3Table of contents only _uhttp://www.loc.gov/catdir/enhancements/fy0837/2008024783-t.html |
| 906 |
_a7 _bcbc _corignew _d1 _eecip _f20 _gy-gencatlg |
||
| 942 |
_2udc _cBK |
||
| 999 |
_c687 _d687 |
||